000 00219nam a2200097Ia 4500
008 220204s9999 xx 000 0 und d
082 _a82-3
_bMAC
100 _aMacInnes, Helen
245 0 _aCloak of darkness
942 _cBK
999 _c37498
_d37498